01324nam a2200337Ia 450000500170000000800410001702000180005808200170007610000250009324501360011825000220025430000470027650000210032352100360034453400380038065000250041865000240044365000320046765000320049970000380053170000270056970000450059694200120064126400600065333600270071333700330074033800280077304000350080199900150083695201350085120220317001622.0161108s2012 c a g 000 0 s  a978958829638804a709.01bC66n1 aCoppens, Yvesd1934-13aEl nacimiento de las artes y de lo sagradocnarra Yves Coppens ; ilustraciones de Sacha Gepner ; texto recopilado por Soizik Moreau aPrimera edición a56 páginasbilustraciones a colorc24 cm aIncluye glosario aRecomendado desde los 12 años tLa nascita delle arti e del sacro142LEMBaArte primitivo142LEMBaArte rupestre142LEMBaSociedades primitivas142LEMBaImágenes e ídolos1 aGepner, Sachaeilustrador91006201 aMoreau, Soizik91006211 aPachetti, Verónicaetraductora9100622 2ddccBK aBogotábEdiciones gato azul ; Cangrejo Editoresc2012 atextobtxt2rdacontent asin mediaciónbn2rdamedia avolumenbnc2rdacarrier aCO-BoRNBPbspaerdacCO-BoRNBP c7550d7550 00102ddc40708GENaMECASARIbMECASARIcREFd2024-11-11l0o709.01-C66n Ej.1pBM00372r2024-11-11 10:46:10tEj.1w2024-11-11yBK